LEADER 01252nam 2200397 450 001 000017975 005 20070503173100.0 100 $a20041119d1981----km-y0itay0103----ba 101 0 $aita 102 $aIT 200 1 $a<> Nazionalismo$fdi Eugen Lemberg 200 1 $a1 $n0001770 210 $aRoma$cJouvence$dc1981 215 $a411 p.$d21 cm. 225 2 $aStoria 410 0$12001$aStoria 606 $aNazionalismo 676 $a320.5092$v(21 ed.)$9Ideologie politiche. Persone 700 1$aLemberg,$bEugen$0442619 801 0$aIT$bUniversità della Basilicata - B.I.A.$gRICA$2unimarc 912 $a000017975 996 $aNazionalismo$984790 997 $aUNIBAS BAS $aMONLET BAS $aMONOGR BAS $aLETTERE CAT $aSTD036$b01$c20041119$lBAS01$h1105 CAT $aSTD036$b01$c20041215$lBAS01$h1253 CAT $c20050601$lBAS01$h1756 CAT $abatch$b01$c20050718$lBAS01$h1053 CAT $c20050718$lBAS01$h1112 CAT $c20050718$lBAS01$h1142 CAT $c20050718$lBAS01$h1157 CAT $aBATCH$b00$c20070503$lBAS01$h1731 FMT Z30 -1$lBAS01$LBAS01$mBOOK$1BASA1$APolo Storico-Umanistico$2GEN$BCollezione generale$3FP/87215$687215$5L87215$820041119$f02$FPrestabile Generale